Ponencia

Guardat en:
Dades bibliogràfiques
Autor corporatiu: CODEFAM
Format: Text
Publicat: San Salvador: CODEFAM
Etiquetes: Afegir etiqueta
Sense etiquetes, Sigues el primer a etiquetar aquest registre!

MARC

LEADER 00000 a a2200000 04500
001 21746
003
040
090 |a 097300  
110 |a CODEFAM  
245 |a Ponencia  
260 |a San Salvador:   |b CODEFAM  
300 |a 4 p.  
999 |c 6662  |d 6662